Responses for Show #5973 - Wednesday, July 28, 2010

Contestants

[<< previous game]

Alyssa Morgan, a museum collections manager from Pasadena, California

Jen Fick, a records manager from Bethesda, Maryland

Nora Corrigan, an English professor from Columbus, Mississippi (whose 1-day cash winnings total $27,201)

[next game >>]

Jeopardy! Round responses

THIS IS CNN
NFL QBs OFF THE FIELD
MIDDLE NAMING
(Alex: We will be middle naming people. You have to ID the person for us.)
PARENTING
SAINTS ON THE MAP
"PEACE", BRO
    $200 16
(Alyssa: What is New York City?)

Atlanta, Georgia

Alyssa
Triple Stumper
    $200 18
Drew Brees

Jen
    $200 1
Francis Scott Key

Nora
    $200 23
home schooling

Jen
    $200 6
St. Petersburg

Nora
    $200 11
the Peace Corps

Nora
    $400 17
Candy Crowley

Triple Stumper
    $400 19
Brett Favre

Jen
    $400 2
William Tecumseh Sherman

Alyssa
    $400 24
wash their hands

Alyssa
    $400 7
St. Andrews

Nora
    $400 12
(Jen: What is zen?)

"Peace Of Mind"

NoraJen
    $600 28
the (First) Gulf War

Nora
    $600 20
Peyton Manning

Jen
    $600 3
Alexander Graham Bell

Jen
    $600 25
CPR

Nora
    $1,000 8
St. Bernard

Nora
    $600 13
the Nobel Peace Prize

Jen
    $800 29
Jimmy Carter

Triple Stumper
    $800 21
Matt Ryan

Triple Stumper
    $800 4
Billie Jean King

Jen
    $800 26
(Jen: What is Instruction Manuals?)

Instructions

JenAlyssa
    $800 9
St. Lawrence

Nora
    $800 14
the Peace Garden State

Triple Stumper
    $1000 30
the Peabody Awards

Triple Stumper
    $1000 22
Tony Romo

Jen
    $1000 5
James Earl Ray

Nora
    $1000 27
helicopter parents

Nora
    $1000 10
(Nora: What is St. Louis?)

St. Joseph

Nora
Triple Stumper
    $1000 15
the peace lilly

Jen

Scores at the first commercial break (after clue 15):

Nora Jen Alyssa
$3,200 $2,600 $400

Scores at the end of the Jeopardy! Round:

Nora Jen Alyssa
$5,400 $4,200 $1,400

Double Jeopardy! Round responses

LITERARY FIRST LINES
FUN WITH AMERICAN IDOL NAMES
COUNTRY BY BEER
15 MINUTES OF FAME
NEW TO THE OED
ANTARCTIC WILDLIFE
(Sarah: ...with Lindblad/National Geographic naturalist Tom Ritchie, underwater specialist Lisa Trotter and a host of others.)
    $400 3
Huckleberry Finn

Jen
    $400 21
Fantasia Barrino

Alyssa
    $400 8
Mexico

Jen
    $400 13
a bridezilla

Alyssa
    $400 1
the leopard seal

Jen
    $800 4
Pride and Prejudice

Nora
    $800 22
Kris Allen

Triple Stumper
    $800 9
Japan

Nora
    $800 17
a flatline

Alyssa
    $800 2
the dorsal fin

Nora
    $2,000 5
The Grapes of Wrath

Nora
    $1200 23
David Cook

Triple Stumper
    $1200 10
Australia

Jen
    $1200 18
a regifter

Jen
    $1200 14
hemoglobin

Jen
    $1600 6
Metamorphosis

Nora
    $1600 24
Kellie Pickler

Triple Stumper
    $1600 11
Denmark

Nora
    $1600 27
[The end-of round signal sounds.]

Lee Marvin

Triple Stumper
    $1600 19
the blogosphere

Alyssa
    $3,000 15
Peter

Jen
    $2000 7
The Heart Is a Lonely Hunter

Nora
    $2000 25
Jordin Sparks

Triple Stumper
    $2000 12
the Netherlands

Triple Stumper
    $2000 26
ABSCAM

Triple Stumper
    $2000 20
reggaeton

Triple Stumper
    $2000 16
the Adelie penguin

Jen

Scores at the end of the Double Jeopardy! Round:

Nora Jen Alyssa
$15,000 $14,000 $4,600

[wagering suggestions for these scores]

Final Jeopardy! Round responses

RELIGION
AlyssaWhat is ?
$1,400
JenWhat is the Book of Common Prayer
$4,700
NoraWhat is a prayer book?
$13,001
the rosary

Final scores:

Nora Jen Alyssa
$1,999 $9,300 $3,200
3rd place: $1,000 New champion: $9,300 2nd place: $2,000

Game dynamics:

Coryat scores:

Nora Jen Alyssa
$13,800 $12,600 $4,600
18 R
(including 2 DDs),
1 W
17 R
(including 1 DD),
2 W
7 R,
1 W

Combined Coryat: $31,000

[game clues] [game scores] [suggest correction]

Game tape date: 2010-03-16
The J! Archive is created by fans, for fans. Scraping, republication, monetization, and malicious use prohibited; this site may use cookies and collect identifying information. See terms. The Jeopardy! game show and all elements thereof, including but not limited to copyright and trademark thereto, are the property of Jeopardy Productions, Inc. and are protected under law. This website is not affiliated with, sponsored by, or operated by Jeopardy Productions, Inc. Join the discussion at JBoard.tv.